Disasters and Accidents by year - Statistics

General Stats
  • This quiz has been taken 84 times
  • The average score is 16 of 50
Answer Stats
Disasters Year % Correct
9/11 2001
99%
Chernobyl disaster 1986
86%
Sinking of the Titanic 1912
84%
Start of the COVID-19 pandemic 2019
70%
Assassination of John F. Kennedy 1963
67%
Bombing of Dresden in World War II 1945
66%
Beirut explosion 2020
63%
Hurricane Katrina 2005
60%
Tōhoku earthquake and tsunami 2011
60%
Spanish flu 1918
59%
Hindenburg disaster (LZ 129) 1937
59%
Columbine High School massacre 1999
54%
Malaysia-Airlines-Flight 17 2014
47%
Malaysia-Airlines-Flight 370 2014
44%
Tenerife airport disaster 1977
43%
Great Fire of London 1666
40%
Munich massacre 1972
37%
Three Mile Island accident 1979
37%
Lockerbie bombing (Pan Am Flight 103) 1988
37%
Sinking of the MS Estonia 1994
37%
Eruption of Krakatoa 1883
36%
Deepwater Horizon oil spill 2010
36%
Coventry Blitz 1940
30%
Sri Lanka tsunami train wreck 2004
29%
Bhopal chemical disaster 1984
27%
Sinking of MV Wilhelm Gustloff 1945
24%
Moore tornado Oklahoma 2013
24%
Japan-Air-Lines-Flight 123 1985
23%
Hillsborough disaster 1989
23%
Great Smog of London 1952
21%
Tokyo subway sarin attack 1995
20%
New York City blackout 1977
16%
Dyatlov Pass incident 1959
14%
Bhola cyclone, East Pakistan 1970
14%
Bengal famine 1943
13%
Banqiao Dam failure 1975
13%
Tangshan earthquake 1976
10%
Lake Nyos disaster 1986
10%
Wall Street bombing 1920
7%
Lima stadium disaster 1964
7%
Perfect Storm 1991
7%
Oppau nitrogen explosion 1921
6%
St. Francis Dam collapse 1926
6%
Kyshtym disaster 1957
4%
Haiyuan earthquake 1920
3%
Benxihu coal-dust explosion 1942
3%
Sverdlovsk anthrax leak 1979
3%
Ponte das Barcas disaster Porto 1809
1%
St Nedelya Church assault 1925
0%
Sinking of Spice Islander I 2011
0%
No matching quizzes found
Score Distribution
Percent of People with Each Score
Percentile by Number Answered
Your Score History
You have not taken this quiz